00567nam a22001697a 450000500170000001000150001702000260003203500140005803700130007208200120008524500380009725000070013526000570014227001050019930000260030450000670033020240215123514.0 aENG-139257 c420.00a9788119847624 aEN-122789 bDBAD/PUB a540212 aPearson IIT Foundation Chemistry/ a12 aUttar PradeshbPearson India Education Pvt Ltdc2023 bUttar Pradesha15th FLoor, Tower-B, World Trade Tower, Plot No.1, Block- C, Sector-16, Noidae201301 avpp.c28cm(pb)bIndex aAs Per CBSE,ICSE and State Curriculam Guidelines for Class 9th